Nirjon soikatar manimay dinbur (Record no. 9622)

MARC details
000 -LEADER
fixed length control field 00578cam a2200217ua 4500
001 - CONTROL NUMBER
control field 10661
005 - DATE AND TIME OF LATEST TRANSACTION
control field 20260515114639.0
008 - FIXED-LENGTH DATA ELEMENTS--GENERAL INFORMATION
fixed length control field 190325n ii |||gr||||Z||||||asm
020 ## - INTERNATIONAL STANDARD BOOK NUMBER
International Standard Book Number 9788186385791
040 ## - CATALOGING SOURCE
Transcribing agency MAIN
041 ## - LANGUAGE CODE
Language code of text/sound track or separate title asm
082 ## - DEWEY DECIMAL CLASSIFICATION NUMBER
Classification number 808.8032
100 ## - MAIN ENTRY--PERSONAL NAME
Personal name Karabi Deka Hazarika,
Relator term Author.
245 ## - TITLE STATEMENT
Title Nirjon soikatar manimay dinbur
Remainder of title Maldip bhramanar smriti
250 ## - EDITION STATEMENT
Edition statement 1st ed.
260 ## - PUBLICATION, DISTRIBUTION, ETC.
Place of publication, distribution, etc. Guwahati:
Name of publisher, distributor, etc. Assam publishing company,
Date of publication, distribution, etc. 2016.
300 ## - PHYSICAL DESCRIPTION
Extent 105p.
653 ## - INDEX TERM--UNCONTROLLED
Uncontrolled term Rhetoric & collections of literature
653 ## - INDEX TERM--UNCONTROLLED
Uncontrolled term Travel literature
942 ## - ADDED ENTRY ELEMENTS (KOHA)
Koha item type Books
Holdings
Withdrawn status Lost status Damaged status Not for loan Home library Current library Shelving location Date acquired Total checkouts Full call number Barcode Date last seen Copy number Price effective from Koha item type
        Naharkatiya College Library Naharkatiya College Library General stacks 09/19/2020   808.8032Travel literature | HAZ 24464 09/19/2020 1 09/19/2020 Books
        Naharkatiya College Library Naharkatiya College Library General stacks 09/19/2020   808.8032Travel literature | HAZ 24465 09/19/2020 2 09/19/2020 Books